| 000 | 00556nam a2200157Ia 4500 | ||
|---|---|---|---|
| 008 | 151213s9999 xx 000 0 und d | ||
| 020 | _a984-300-000144-5 | ||
| 100 | _aলুৎফর রহমান জয়। | ||
| 245 |
_aপ্রথিবীর এক বিশ্ববিদ্যালয়। _cলুৎফর রহমান জয়। |
||
| 260 |
_aঢাকা _bবৎসর। _c2007 |
||
| 300 | _a8435 p. | ||
| 650 | _aBangla | ||
| 650 | _aBengali Literature | ||
| 700 | _aলুৎফর রহমান জয়। | ||
| 999 |
_c4273 _d4273 |
||